10 Most Populous Cities in Nevada - Statistics

General Stats
  • This quiz has been taken 13 times
  • The average score is 7 of 10
Answer Stats
Population City % Correct
665,640 Las Vegas
100%
57,819 Carson City
92%
343,382 Henderson
92%
278,226 Reno
92%
292,623 North Las Vegas
85%
189,495 Paradise
69%
110,801 Sparks
69%
198,463 Sunrise Manor
31%
236,331 Enterprise
23%
221,531 Spring Valley
15%
No matching quizzes found
Score Distribution
Percent of People with Each Score
Percentile by Number Answered
Your Score History
You have not taken this quiz